[Event "Titled Tue 3rd Jan Late"]
[Site "chess.com INT"]
[Date "2025.06.03"]
[Round "5"]
[White "Wael Sabry, Mina"]
[Black "Avila, Lucas"]
[Result "0-1"]
[WhiteTitle "FM"]
[WhiteElo "2094"]
[BlackElo "2182"]
[WhiteFideId "10670173"]
[BlackFideId "107751"]
[EventDate "2025.06.03"]

1. d4 Nf6 2. Nc3 c5 3. d5 e5 4. e4 d6 5. h4 Be7 6. h5 a6 7. a4 Nbd7 8. h6 g6 9.
Nf3 Nh5 10. g4 Nf4 11. Bxf4 exf4 12. Qd2 g5 13. O-O-O Bf6 14. e5 Nxe5 15. Nxe5
Bxe5 16. f3 O-O 17. Bd3 f6 18. Be4 b5 19. Qd3 Qc7 20. axb5 axb5 21. Nxb5 Ra1+
22. Kd2 Qa5+ 23. Nc3 Rxd1+ 24. Rxd1 Rf7 25. Bxh7+ Kh8 26. Bf5 Ba6 27. Qe4 Rb7
28. Ke1 Rxb2 29. Kf2 Qxc3 30. Ra1 Rxc2+ 31. Qxc2 Bd4+ 32. Kg2 Qxa1 33. Qd3 Qg1+
34. Kh3 Qg3# 0-1

[Event "Titled Tue 3rd Jan Late"]
[Site "chess.com INT"]
[Date "2025.06.03"]
[Round "5"]
[White "Toktomushev, Teimur"]
[Black "Aronian, Levon"]
[Result "0-1"]
[WhiteTitle "FM"]
[BlackTitle "GM"]
[WhiteElo "2398"]
[BlackElo "2747"]
[WhiteFideId "14176726"]
[BlackFideId "13300474"]
[EventDate "2025.06.03"]

1. d4 e6 2. c4 d5 3. Nc3 Nf6 4. cxd5 exd5 5. Bg5 Bb4 6. e3 h6 7. Bh4 g5 8. Bg3
h5 9. h3 Ne4 10. Ne2 Nxg3 11. Nxg3 h4 12. Ne2 c6 13. a3 Ba5 14. Ng1 Nd7 15. Bd3
Nf6 16. Qc2 Be6 17. Nf3 Rg8 18. O-O-O Qe7 19. Na4 O-O-O 20. Nc5 Kb8 21. b4 Bb6
22. a4 a5 23. bxa5 Bxc5 24. dxc5 Nd7 25. a6 Qxc5 26. axb7 Kxb7 27. Kd2 Qxc2+ 28.
Bxc2 c5 29. Ke2 Kc7 30. Ne1 Rb8 31. Rb1 Rxb1 32. Bxb1 Rb8 33. Bc2 Rb2 34. Kd2
Ra2 35. Nd3 Bf5 36. Rc1 Bxd3 37. Kxd3 Ne5+ 38. Ke2 Kd6 39. f4 gxf4 40. exf4 Nc4
41. Kf3 Ra3+ 42. Kg4 Rc3 43. Kxh4 Ne3 44. a5 Rxc2 45. Rxc2 Nxc2 46. a6 Kc7 47.
Kg4 c4 48. h4 c3 49. Kf3 d4 50. Ke2 Nb4 51. h5 d3+ 52. Ke3 c2 0-1

[Event "Titled Tue 3rd Jan Late"]
[Site "chess.com INT"]
[Date "2025.06.03"]
[Round "5"]
[White "Martinez Alcantara, Jose Eduardo"]
[Black "Rojas Alarcon, Julian Antonio"]
[Result "1-0"]
[WhiteTitle "GM"]
[BlackTitle "FM"]
[WhiteElo "2611"]
[BlackElo "2365"]
[WhiteFideId "3805662"]
[BlackFideId "5107407"]
[EventDate "2025.06.03"]

1. c4 c6 2. Nf3 Nf6 3. g3 d5 4. Bg2 Bg4 5. cxd5 cxd5 6. Qb3 Qc7 7. Nc3 e6 8. d3
Nc6 9. Bf4 Qd7 10. Ne5 Nxe5 11. Bxe5 Be7 12. O-O O-O 13. h3 Bh5 14. e4 dxe4 15.
dxe4 Rac8 16. g4 Bg6 17. Rad1 Qc6 18. Rfe1 Rfd8 19. Bd4 Qc4 20. Qxc4 Rxc4 21.
Bxa7 Rxd1 22. Rxd1 Nxe4 23. Nxe4 Bxe4 24. b3 Rb4 25. Bxe4 Rxe4 26. Rd7 Bh4 27.
Rxb7 h5 28. gxh5 f5 29. a4 f4 30. Kg2 Re1 31. Kf3 e5 32. Kg4 Bf6 33. Kf5 Kf8 34.
h6 Rh1 35. h7 Rxh3 36. Ke6 1-0

[Event "Titled Tue 3rd Jan Late"]
[Site "chess.com INT"]
[Date "2025.06.03"]
[Round "5"]
[White "Tatarinov, Dmitry"]
[Black "Paravyan, David"]
[Result "1/2-1/2"]
[WhiteTitle "FM"]
[BlackTitle "GM"]
[WhiteElo "2344"]
[BlackElo "2596"]
[WhiteFideId "24160067"]
[BlackFideId "4194985"]
[EventDate "2025.06.03"]

1. c4 e6 2. d4 d5 3. Nf3 Nf6 4. g3 Be7 5. Bg2 O-O 6. O-O dxc4 7. Qc2 b5 8. a4
Bb7 9. axb5 a6 10. bxa6 Nxa6 11. Qxc4 Bd5 12. Qc3 c5 13. dxc5 Nxc5 14. Rxa8 Qxa8
15. Qe3 Na4 16. Nc3 Bc5 17. Qe5 Nxc3 18. bxc3 Qa7 19. Nd4 Bxg2 20. Kxg2 Rc8 21.
Be3 Qb7+ 22. Kg1 Ng4 23. Qf4 h5 24. h3 e5 25. Qf3 Qxf3 26. Nxf3 Nxe3 27. fxe3
Bxe3+ 28. Kg2 f6 29. Rd1 Rxc3 30. Rd3 Rxd3 31. exd3 Kf7 32. g4 hxg4 33. hxg4 Ke6
34. Nh4 Bg5 35. Nf5 g6 36. Ng3 Kd5 37. Kf3 Bh4 38. Ne4 f5 39. gxf5 gxf5 40. Nd2
Bg5 41. Nc4 e4+ 42. Ke2 Kd4 43. dxe4 fxe4 44. Nd6 Ke5 45. Nxe4 1/2-1/2

[Event "Titled Tue 3rd Jan Late"]
[Site "chess.com INT"]
[Date "2025.06.03"]
[Round "5"]
[White "Jumabayev, Rinat"]
[Black "Niemann, Hans Moke"]
[Result "0-1"]
[WhiteTitle "GM"]
[BlackTitle "GM"]
[WhiteElo "2551"]
[BlackElo "2736"]
[WhiteFideId "13702661"]
[BlackFideId "2093596"]
[EventDate "2025.06.03"]

1. d4 Nf6 2. c3 b6 3. Bf4 Bb7 4. Nd2 g6 5. Qc2 Nh5 6. Bg5 h6 7. Be3 Bg7 8. Ngf3
d6 9. g3 Nd7 10. Bg2 O-O 11. O-O f5 12. Nc4 Qe8 13. Rad1 Kh7 14. a4 Be4 15. Qc1
Ndf6 16. b3 Bd5 17. Qa1 g5 18. Bc1 Kh8 19. Ncd2 Ne4 20. c4 Bb7 21. Bb2 e6 22.
Nxe4 Bxe4 23. d5 e5 24. a5 f4 25. Bh3 Nf6 26. Nd2 Bh7 27. Be6 Qh5 28. f3 Rae8
29. Rf2 Qg6 30. Rdf1 h5 31. Rg2 fxg3 32. hxg3 g4 33. axb6 axb6 34. Bc3 Bh6 35.
f4 exf4 36. gxf4 Bg7 37. e4 Qh6 38. e5 Ne4 39. Nxe4 Bxe4 40. exd6 Bxg2 41. Kxg2
cxd6 42. Rh1 Re7 43. Rh2 Bxc3 44. Qxc3+ Kh7 45. Qd3+ Kg7 46. Qc3+ Rf6 47. Bxg4
Qxf4 48. Bf3 Re3 0-1

[Event "Titled Tue 3rd Jan Late"]
[Site "chess.com INT"]
[Date "2025.06.03"]
[Round "5"]
[White "Ozalp, Burak"]
[Black "Pulido Alvarez, Ariel"]
[Result "0-1"]
[WhiteTitle "CM"]
[BlackTitle "FM"]
[WhiteElo "2059"]
[BlackElo "2252"]
[WhiteFideId "6314210"]
[BlackFideId "3503011"]
[EventDate "2025.06.03"]

1. e4 c5 2. Nf3 e6 3. g3 d6 4. Bg2 Nf6 5. Qe2 Be7 6. O-O O-O 7. c3 Nc6 8. d4
cxd4 9. cxd4 d5 10. e5 Ne4 11. Nc3 b6 12. Nxe4 dxe4 13. Qxe4 Bb7 14. Rd1 Rc8 15.
h4 Ba8 16. a3 Nb4 17. Qf4 Nd5 18. Qg4 Kh8 19. Bg5 Rc2 20. Bxe7 Qxe7 21. b4 Rfc8
22. Ng5 h6 23. Be4 f5 24. exf6 Nxf6 25. Qf3 Nxe4 26. Nxe4 Rf8 27. Qe3 Bxe4 28.
Qxe4 Rfxf2 29. Rac1 Qc7 30. Qa8+ Kh7 31. Qe4+ g6 32. Rxc2 Qxg3+ 33. Kh1 Qh2# 0-1

[Event "Titled Tue 3rd Jan Late"]
[Site "chess.com INT"]
[Date "2025.06.03"]
[Round "5"]
[White "Gurevich, Dmitry"]
[Black "Chekletsov, Ilya"]
[Result "1-0"]
[WhiteTitle "GM"]
[BlackTitle "IM"]
[WhiteElo "2347"]
[BlackElo "2338"]
[WhiteFideId "2000407"]
[BlackFideId "24177156"]
[EventDate "2025.06.03"]

1. d4 Nf6 2. c4 e6 3. Nc3 Bb4 4. e3 O-O 5. Bd3 c5 6. a3 Bxc3+ 7. bxc3 d6 8. Ne2
e5 9. e4 b6 10. f3 Nc6 11. Be3 Ba6 12. Ng3 Na5 13. Qe2 cxd4 14. cxd4 exd4 15.
Bg5 h6 16. Bf4 Rc8 17. Rc1 Rc5 18. O-O Re8 19. Qf2 Qc7 20. Nf5 Nxc4 21. Bxc4
Rxc4 22. Nxd6 Rc5 23. Nxe8 Qxf4 24. Nxf6+ Qxf6 25. Rxc5 bxc5 26. Rd1 Qb6 27. h4
Qb3 28. Rc1 Qxa3 29. Rb1 Bd3 30. Rb8+ Kh7 31. Qg3 Qa1+ 32. Kh2 1-0

[Event "Titled Tue 3rd Jan Late"]
[Site "chess.com INT"]
[Date "2025.06.03"]
[Round "5"]
[White "Bongo Akanga Ndjila, Barthelemy"]
[Black "Reinecke, Katharina"]
[Result "0-1"]
[WhiteTitle "CM"]
[BlackTitle "WCM"]
[WhiteElo "1847"]
[BlackElo "1921"]
[WhiteFideId "10609431"]
[BlackFideId "12929727"]
[EventDate "2025.06.03"]

1. d4 d5 2. Nf3 Nf6 3. e3 c5 4. b3 e6 5. Bd3 Nc6 6. O-O Be7 7. Bb2 O-O 8. Nbd2
b6 9. a3 a5 10. Ne5 Nxe5 11. dxe5 Nd7 12. Qf3 Qc7 13. Qh3 g6 14. f4 Ba6 15. c4
dxc4 16. bxc4 Bb7 17. Ne4 Rfd8 18. Rad1 Bxe4 19. Bxe4 Rab8 20. a4 Rbc8 21. g4
Nf8 22. f5 Rxd1 23. Rxd1 Rd8 24. Rf1 exf5 25. gxf5 Bg5 26. Qg3 Bh6 27. Qh3 Bg7
28. f6 Bh8 29. Bd5 Nd7 30. e6 Ne5 0-1

[Event "Titled Tue 3rd Jan Late"]
[Site "chess.com INT"]
[Date "2025.06.03"]
[Round "5"]
[White "Do Carmo, Gabriel Carckeno"]
[Black "Dobre, Claudiu-Cristian"]
[Result "0-1"]
[BlackTitle "IM"]
[WhiteElo "2021"]
[BlackElo "2265"]
[WhiteFideId "22783024"]
[BlackFideId "1211854"]
[EventDate "2025.06.03"]

1. c4 f5 2. g3 Nf6 3. d4 g6 4. Bg2 Bg7 5. Nc3 O-O 6. Nf3 d6 7. O-O Qe8 8. Re1
Qf7 9. d5 a5 10. Ng5 Qe8 11. e4 h6 12. Ne6 Bxe6 13. dxe6 c6 14. exf5 gxf5 15.
Bh3 Qg6 16. Ne2 Nh5 17. Nf4 Nxf4 18. Bxf4 Na6 19. Rb1 Nc5 20. Qc2 Nxe6 21. Be3
Nd4 22. Bxd4 Bxd4 23. Rxe7 Rae8 24. Rbe1 Rxe7 25. Rxe7 Qh5 26. Kg2 Rf7 27. Rxf7
Kxf7 28. Bxf5 Kg7 29. Qe4 Bxb2 30. Qe7+ Qf7 31. Qxf7+ Kxf7 32. Bc8 b5 33. Bd7
bxc4 34. Bxc6 Ke6 35. Be4 d5 36. Bc2 d4 37. Kf3 Ke5 38. Ke2 Bc1 39. f4+ Kd5 40.
Kf3 d3 41. Bd1 c3 42. Kf2 c2 43. Bf3+ Kd4 44. Ke1 Be3 45. f5 c1=Q+ 0-1

[Event "Titled Tue 3rd Jan Late"]
[Site "chess.com INT"]
[Date "2025.06.03"]
[Round "5"]
[White "Tikhonov, Viacheslav"]
[Black "Mekhitarian, Krikor Sevag"]
[Result "1-0"]
[WhiteTitle "CM"]
[BlackTitle "GM"]
[WhiteElo "2183"]
[BlackElo "2564"]
[WhiteFideId "44196407"]
[BlackFideId "2107660"]
[EventDate "2025.06.03"]

1. e4 c5 2. Nf3 Nc6 3. d4 cxd4 4. Nxd4 Nf6 5. Nc3 e5 6. Ndb5 d6 7. Bg5 a6 8. Na3
b5 9. Nd5 Be7 10. Bxf6 Bxf6 11. c3 Bg5 12. Nc2 Rb8 13. h4 Bh6 14. a4 bxa4 15.
Ncb4 Nxb4 16. Nxb4 Rb6 17. Qxa4+ Bd7 18. Qa5 O-O 19. Bxa6 f5 20. exf5 Bxf5 21.
Nd5 Rxa6 22. Qxa6 Be6 23. Rd1 Kh8 24. Qa7 e4 25. Qe7 Qc8 26. Nb6 Qb8 27. Qxe6
Qxb6 28. O-O Qxb2 29. Qxd6 g6 30. c4 Bg7 31. Rc1 Qb7 32. c5 Qf7 33. c6 1-0

[Event "Titled Tue 3rd Jan Late"]
[Site "chess.com INT"]
[Date "2025.06.03"]
[Round "5"]
[White "Borisov, Yuri"]
[Black "Zilberstein, Dmitry"]
[Result "1/2-1/2"]
[WhiteTitle "FM"]
[BlackTitle "IM"]
[WhiteElo "2285"]
[BlackElo "2358"]
[WhiteFideId "1503928"]
[BlackFideId "2010739"]
[EventDate "2025.06.03"]

1. e4 d6 2. d4 Nf6 3. Nc3 g6 4. f4 Bg7 5. Nf3 O-O 6. Bc4 Nxe4 7. Bxf7+ Rxf7 8.
Nxe4 h6 9. O-O Nd7 10. c3 Nf6 11. Nxf6+ Rxf6 12. Re1 e6 13. Qb3 c6 14. Bd2 Qb6
15. Re2 Bd7 16. Rae1 Qxb3 17. axb3 a5 18. h3 Bf8 19. g4 Rf7 20. Kg2 Kh7 21. Kg3
Be7 22. h4 Bd8 23. c4 Bc7 24. d5 exd5 25. cxd5 Raf8 26. Re7 Bd8 27. Rxf7+ Rxf7
28. dxc6 bxc6 29. Bc3 c5 30. g5 Bc6 31. Re6 Bxf3 32. Kxf3 hxg5 33. hxg5 Bxg5 34.
Rxd6 Bxf4 35. Rf6 Rxf6 36. Bxf6 Bd2 37. Be7 Bb4 38. Ke4 Kg7 39. Kd5 Kf7 40. Bxc5
Bxc5 41. Kxc5 Kf6 42. b4 axb4 43. Kxb4 g5 44. Kc4 Ke5 45. Kd3 Kd5 46. Ke3 Kc4
47. Kf3 Kb3 48. Kg4 Kxb2 49. Kxg5 1/2-1/2

[Event "Titled Tue 3rd Jan Late"]
[Site "chess.com INT"]
[Date "2025.06.03"]
[Round "5"]
[White "Askarov, Bakhtiyar"]
[Black "Woodward, Andy"]
[Result "0-1"]
[WhiteTitle "IM"]
[BlackTitle "GM"]
[WhiteElo "2300"]
[BlackElo "2547"]
[WhiteFideId "13701100"]
[BlackFideId "30953499"]
[EventDate "2025.06.03"]

1. d4 Nf6 2. Bg5 d5 3. Nd2 Bg4 4. Bxf6 exf6 5. Ngf3 Nd7 6. e3 c6 7. Be2 g6 8.
O-O Bd6 9. Ne1 Be6 10. Nd3 h5 11. c3 Qc7 12. h3 g5 13. b4 g4 14. h4 Nf8 15. Qe1
g3 16. f4 O-O-O 17. Qxg3 Ng6 18. Qf2 Rdg8 19. Kh2 Bf5 20. g3 Qe7 21. Rg1 Re8 22.
Nf1 Bd7 23. Nc5 Bg4 24. Bd3 Rhg8 25. Re1 b6 26. Na6 Kb7 27. a4 Bc8 28. Nd2 Qd7
29. Bf1 Ne7 30. b5 cxb5 31. axb5 Nf5 32. c4 Nh6 33. Qf3 Ng4+ 34. Kh1 Ka8 35. c5
bxc5 36. dxc5 Bxa6 37. bxa6 Bxc5 38. Bg2 Nxe3 39. Nb3 Bb6 40. Rc1 Nxg2 41. Rxg2
Re3 0-1

[Event "Titled Tue 3rd Jan Late"]
[Site "chess.com INT"]
[Date "2025.06.03"]
[Round "5"]
[White "Reprintsev, Alexander"]
[Black "Leiva, Gianmarco"]
[Result "1-0"]
[WhiteTitle "IM"]
[BlackTitle "IM"]
[WhiteElo "2256"]
[BlackElo "2387"]
[WhiteFideId "14100541"]
[BlackFideId "3804399"]
[EventDate "2025.06.03"]

1. e4 c5 2. b3 d5 3. exd5 Nf6 4. Bb5+ Nbd7 5. c4 a6 6. Ba4 b5 7. cxb5 Nxd5 8.
Nc3 N7b6 9. bxa6+ Nxa4 10. Nxa4 e6 11. Ne2 Bxa6 12. O-O Bd6 13. Re1 Qh4 14. Ng3
O-O 15. Ba3 Nb4 16. Bxb4 cxb4 17. Re4 Qh6 18. Nb6 Bb7 19. Rc4 Rad8 20. Qg4 f5
21. Qh5 Qf6 22. Rd1 e5 23. Rh4 h6 24. Nc4 Bb8 25. Rh3 e4 26. Qe2 Rfe8 27. Nh5
Qf7 28. g3 Rd3 29. Ne3 Red8 30. Nf4 Bxf4 31. gxf4 Ba6 32. Qh5 Rxd2 33. Rxd2 Rxd2
34. Qxf7+ Kxf7 35. Rh5 Be2 36. Rxf5+ Kg6 37. Rd5 Rxa2 38. f5+ Kf6 39. Kg2 Rb2
40. Kg3 Rxb3 41. Kf4 Bf3 42. Rd7 Rd3 43. Nd5+ Rxd5 44. Rxd5 g5+ 45. fxg6 Kxg6
46. Rd6+ Kh5 47. Rb6 1-0

[Event "Titled Tue 3rd Jan Late"]
[Site "chess.com INT"]
[Date "2025.06.03"]
[Round "5"]
[White "Silva, Luca"]
[Black "Daianu, Cristian-Clement"]
[Result "0-1"]
[WhiteTitle "FM"]
[BlackTitle "FM"]
[WhiteElo "2227"]
[BlackElo "2205"]
[WhiteFideId "147370"]
[BlackFideId "1208926"]
[EventDate "2025.06.03"]

1. e4 c5 2. Nf3 d6 3. c3 Nf6 4. h3 e6 5. Bd3 Be7 6. Bc2 O-O 7. O-O a6 8. d4 b5
9. Re1 Bb7 10. Nbd2 Nbd7 11. Nf1 Rc8 12. Ng3 cxd4 13. cxd4 Nb6 14. b3 Qc7 15.
Bd3 d5 16. e5 Ne4 17. Nxe4 dxe4 18. Bxe4 Rfd8 19. Bg5 h6 20. Bxe7 Qxe7 21. Qd3
Bxe4 22. Qxe4 Nd5 23. g3 Rc3 24. Rac1 Rdc8 25. Rxc3 Rxc3 26. Kg2 Qa3 27. Re2 Qc1
28. Re1 Qb2 29. Qb1 Rc2 30. Qxb2 Rxb2 31. Rc1 Rxa2 32. Rc8+ Kh7 33. Rf8 Ne3+ 34.
Kg1 Nd1 35. Rxf7 Nxf2 36. Ng5+ hxg5 37. Rxf2 Rxf2 38. Kxf2 a5 39. Ke3 Kg6 40. g4
Kf7 41. Ke4 Ke7 42. d5 exd5+ 43. Kxd5 a4 44. bxa4 bxa4 45. Kc4 Ke6 46. Kb4 Kxe5
47. Kxa4 Kf4 48. Kb4 Kg3 49. Kc5 Kxh3 50. Kd4 Kxg4 51. Ke3 Kg3 0-1

[Event "Titled Tue 3rd Jan Late"]
[Site "chess.com INT"]
[Date "2025.06.03"]
[Round "5"]
[White "Sadubayev, Airat"]
[Black "Bacrot, Etienne"]
[Result "0-1"]
[WhiteTitle "FM"]
[BlackTitle "GM"]
[WhiteElo "2211"]
[BlackElo "2633"]
[WhiteFideId "13713264"]
[BlackFideId "605506"]
[EventDate "2025.06.03"]

1. d4 d5 2. c4 dxc4 3. Nf3 Nf6 4. e3 e6 5. Bxc4 a6 6. O-O c5 7. Qe2 Nbd7 8. Rd1
b5 9. Bd3 Bb7 10. a4 c4 11. Bc2 Be7 12. b3 cxb3 13. Bxb3 b4 14. a5 O-O 15. Nbd2
Rc8 16. Bb2 Nd5 17. Rdc1 Rxc1+ 18. Bxc1 Nc3 19. Qe1 Qc7 20. Bb2 Rc8 21. h3 h6
22. Nc4 Bd5 23. Nfd2 e5 24. dxe5 Nc5 25. Bc2 Rd8 26. f4 Bxc4 27. Nxc4 Nd3 28.
Bxd3 Rxd3 29. Nb6 Rxe3 30. Qf1 Ne2+ 31. Kh2 Qc6 32. Qf2 Bc5 33. Na4 Rxh3+ 0-1

[Event "Titled Tue 3rd Jan Late"]
[Site "chess.com INT"]
[Date "2025.06.03"]
[Round "5"]
[White "Blackburn, Jonathan L B"]
[Black "Jagirapu, Harshin Reddy"]
[Result "1/2-1/2"]
[WhiteTitle "FM"]
[WhiteElo "2200"]
[BlackElo "2042"]
[WhiteFideId "1801090"]
[BlackFideId "39910679"]
[EventDate "2025.06.03"]

1. d4 d5 2. c4 e6 3. Nc3 c6 4. e4 dxe4 5. Nxe4 Bb4+ 6. Bd2 Qxd4 7. Bxb4 Qxe4+ 8.
Ne2 Na6 9. Bf8 Ne7 10. Bxg7 Nb4 11. Qd6 Nd3+ 12. Kd2 Nf5 13. Qxd3 Qxd3+ 14. Kxd3
Nxg7 15. f4 Bd7 16. c5 O-O-O 17. Kc3 Nf5 18. Re1 h5 19. g3 Rhg8 20. Bh3 Ne3 21.
Nd4 Nd5+ 22. Kb3 h4 23. Rhg1 Kc7 24. Nf3 hxg3 25. hxg3 b6 26. Ne5 Rg7 27. f5
exf5 28. Nxd7 Rxd7 29. Bxf5 Re7 30. cxb6+ axb6 31. g4 Re3+ 32. Rxe3 Nxe3 33. Re1
Nxf5 34. gxf5 Kd6 35. a4 Rg5 36. Rf1 Ke5 37. Rc1 c5 38. a5 bxa5 39. Rxc5+ Kf6
40. Rxa5 Rxf5 41. Rxf5+ Kxf5 42. Ka4 Ke6 43. Ka5 f5 44. b4 f4 45. b5 f3 46. b6
f2 47. b7 f1=Q 48. b8=Q Qa1+ 49. Kb6 Qd4+ 50. Kb7 Qd5+ 51. Ka7 Qa5+ 52. Kb7 Qb5+
53. Ka7 Qa5+ 54. Kb7 Kd7 55. Qc8+ Kd6 56. Qf8+ Ke6 57. Qh6+ Kf7 58. Qh7+ Ke6 59.
Qh6+ Kd7 60. Qh7+ Kd6 61. Qh6+ Kc5 62. Qh5+ Kb4 63. Qxa5+ Kxa5 1/2-1/2

[Event "Titled Tue 3rd Jan Late"]
[Site "chess.com INT"]
[Date "2025.06.03"]
[Round "5"]
[White "Loya Ibarra, Rigoberto"]
[Black "Bazilius, Augustinas"]
[Result "1-0"]
[BlackTitle "CM"]
[WhiteElo "2069"]
[BlackElo "2277"]
[WhiteFideId "5110688"]
[BlackFideId "12832251"]
[EventDate "2025.06.03"]

1. e4 e6 2. d4 d5 3. exd5 exd5 4. Nf3 Bd6 5. c3 Ne7 6. Bd3 O-O 7. O-O Bg4 8.
Bxh7+ Kh8 9. Bd3 Nd7 10. Bg5 f6 11. Bh4 Qe8 12. Bg3 Nc8 13. Re1 Qh5 14. h3 Bxf3
15. Qxf3 Qxf3 16. gxf3 f5 17. Be5 Bxe5 18. dxe5 Nc5 19. Bc2 Ne6 20. Nd2 Ne7 21.
Rad1 Kg8 22. Nf1 Kf7 23. Ne3 Nf4 24. Nxf5 Nxh3+ 25. Kf1 Nf4 26. e6+ Kf6 27. Ne3
Nxe6 28. Nxd5+ Nxd5 29. Rxd5 g6 30. Bb3 Rh8 31. Kg2 Nf4+ 32. Kg3 Nxd5 33. Bxd5
c6 34. Re6+ Kf5 35. Bb3 Rhe8 36. Rd6 Rad8 37. Bc2+ Ke5 38. Rxg6 Rd2 39. Bb3 Kf5
40. Rg4 1-0

[Event "Titled Tue 3rd Jan Late"]
[Site "chess.com INT"]
[Date "2025.06.03"]
[Round "5"]
[White "Sroczynski, Maciej"]
[Black "Kravtsiv, Martyn"]
[Result "0-1"]
[WhiteTitle "FM"]
[BlackTitle "GM"]
[WhiteElo "2236"]
[BlackElo "2598"]
[WhiteFideId "1121472"]
[BlackFideId "14113147"]
[EventDate "2025.06.03"]

1. d4 b6 2. e4 Bb7 3. Bd3 g6 4. f4 d5 5. e5 e6 6. Nf3 h5 7. c3 Nh6 8. Nbd2 Be7
9. Nf1 Nf5 10. Ne3 c5 11. O-O Nc6 12. Nxf5 gxf5 13. Be3 Qc7 14. Qe2 O-O-O 15.
Ng5 Bf8 16. a3 Kb8 17. b4 c4 18. Bc2 Re8 19. h4 Bg7 20. a4 f6 21. exf6 Bxf6 22.
Qf2 Ka8 23. a5 bxa5 24. b5 Nd8 25. Ba4 Bc8 26. b6 axb6 27. Bxe8 Rxe8 28. Rfb1
Nb7 29. Qb2 Bd8 30. Qb5 Nd6 31. Qa4 Rg8 32. Bc1 Bd7 33. Qc2 Ne4 34. Kh2 Nxg5 35.
hxg5 Bxg5 36. g3 Bd8 37. Qe2 h4 38. gxh4 Bxh4 39. Qe5 Qd8 40. Ra2 Bg3+ 41. Kh1
Qh4+ 42. Kg2 Bxf4+ 0-1

[Event "Titled Tue 3rd Jan Late"]
[Site "chess.com INT"]
[Date "2025.06.03"]
[Round "5"]
[White "Sanchez Negreiros, Jose Alberto"]
[Black "Bratovic, Blaz"]
[Result "1-0"]
[WhiteTitle "FM"]
[BlackTitle "IM"]
[WhiteElo "2231"]
[BlackElo "2319"]
[WhiteFideId "3851516"]
[BlackFideId "14603551"]
[EventDate "2025.06.03"]

1. d4 f5 2. c4 Nf6 3. Nc3 e6 4. g3 d5 5. Bg2 c6 6. Nf3 Bd6 7. Bf4 Bxf4 8. gxf4
O-O 9. Rc1 Nbd7 10. Qb3 Kh8 11. e3 Qe7 12. a4 b6 13. Ne5 Nxe5 14. fxe5 Ne4 15.
cxd5 Ba6 16. d6 Qh4 17. Nxe4 fxe4 18. Rc2 Bd3 19. Rd2 Rxf2 20. Rxf2 Rf8 21. Rf1
Bxf1 22. Qc2 Bxg2 23. d7 Bf3 24. Qxc6 Qe7 25. Qd6 Qd8 26. Rc2 Rg8 27. Rc8 Qh4+
28. Kd2 Qf2+ 29. Kc3 Qxe3+ 30. Kb4 Qd2+ 31. Ka3 Qd3+ 32. Ka2 h6 33. Rxg8+ Kxg8
34. d8=Q+ Kh7 35. Qxe6 Be2 36. Qdg8# 1-0

[Event "Titled Tue 3rd Jan Late"]
[Site "chess.com INT"]
[Date "2025.06.03"]
[Round "5"]
[White "Fernandes, Rogerio Paulo Muller"]
[Black "Yue, Tariq"]
[Result "0-1"]
[BlackTitle "CM"]
[WhiteElo "2241"]
[BlackElo "2192"]
[WhiteFideId "2101599"]
[BlackFideId "30975182"]
[EventDate "2025.06.03"]

1. c4 Nf6 2. g3 g6 3. Bg2 Bg7 4. Nf3 O-O 5. O-O d6 6. Nc3 c6 7. d3 e5 8. Rb1 a5
9. a3 Nbd7 10. b4 axb4 11. axb4 d5 12. b5 d4 13. bxc6 bxc6 14. Na4 Re8 15. Ng5
Ra6 16. Qb3 h6 17. Ne4 Nxe4 18. Bxe4 Qa5 19. Ra1 Nc5 20. Nxc5 Qxa1 21. Nxa6 Qxa6
22. Bd2 Bh3 23. Rb1 f5 24. Bg2 Bxg2 25. Kxg2 e4 26. Bf4 g5 27. Bd6 exd3 28. exd3
c5 29. Bxc5 Qc6+ 30. f3 Qxc5 31. Qb5 Re2+ 32. Kf1 Qe7 33. Qd5+ Qe6 0-1

[Event "Titled Tue 3rd Jan Late"]
[Site "chess.com INT"]
[Date "2025.06.03"]
[Round "5"]
[White "Thorhallsson, Simon"]
[Black "Yazici, Ugur Doga"]
[Result "1-0"]
[WhiteTitle "FM"]
[BlackTitle "CM"]
[WhiteElo "2218"]
[BlackElo "2161"]
[WhiteFideId "2310090"]
[BlackFideId "6363342"]
[EventDate "2025.06.03"]

1. g3 d5 2. Bg2 Nf6 3. d3 e5 4. Nf3 Nc6 5. O-O Be7 6. a3 O-O 7. Nc3 h6 8. e4 d4
9. Ne2 Be6 10. h3 Qd7 11. Kh2 Nh7 12. Nfg1 f5 13. exf5 Rxf5 14. f4 Raf8 15. Nf3
Rh5 16. Nfg1 Bd6 17. fxe5 Nxe5 18. Rxf8+ Nxf8 19. Qe1 Bxh3 20. Nxh3 Rxh3+ 21.
Kg1 Rh5 22. Nf4 Rg5 23. Nd5 Rg6 24. Bf4 Ng4 25. Bxd6 Rxd6 26. Qe4 Nf6 27. Nxf6+
gxf6 28. Rf1 Qg7 29. Kh2 Nd7 30. Qxb7 Ne5 31. Qc8+ Kh7 32. Qf5+ Kh8 33. Rf4 Rb6
34. Rxd4 c5 35. Rd8+ 1-0

[Event "Titled Tue 3rd Jan Late"]
[Site "chess.com INT"]
[Date "2025.06.03"]
[Round "5"]
[White "Shandrygin, Nikita"]
[Black "Deng, Henry"]
[Result "0-1"]
[WhiteTitle "FM"]
[BlackTitle "FM"]
[WhiteElo "2209"]
[BlackElo "2327"]
[WhiteFideId "24198668"]
[BlackFideId "30965454"]
[EventDate "2025.06.03"]

1. e4 c5 2. b4 cxb4 3. a3 d5 4. exd5 Qxd5 5. Nf3 e5 6. axb4 Bxb4 7. c3 Bc5 8.
Na3 Nc6 9. Bc4 Qd8 10. Qb3 e4 11. Bxf7+ Kf8 12. Qc4 exf3 13. O-O Bd6 14. Bxg8
Rxg8 15. Nb5 Be7 16. Re1 g5 17. d4 Qd7 18. d5 Nd8 19. Rxe7 Kxe7 20. Ba3+ Kf6 21.
Re1 Qg4 22. Be7+ Kg7 23. Qxg4 Bxg4 24. gxf3 Bd7 25. Nd6 Nf7 26. Ne4 Bf5 27. Nf6
Rh8 28. h4 h5 29. f4 g4 30. Kh2 Rac8 31. Re3 Kg6 32. Kg3 a5 33. f3 a4 34. fxg4
hxg4 35. d6 Nxd6 36. Bxd6 Kxf6 37. Be7+ Kg6 38. c4 Rxc4 39. Re1 a3 0-1

[Event "Titled Tue 3rd Jan Late"]
[Site "chess.com INT"]
[Date "2025.06.03"]
[Round "5"]
[White "Chelly, Yahya"]
[Black "Winkels, Marcel"]
[Result "0-1"]
[WhiteTitle "CM"]
[BlackTitle "CM"]
[WhiteElo "2039"]
[BlackElo "1918"]
[WhiteFideId "5516200"]
[BlackFideId "1003887"]
[EventDate "2025.06.03"]

1. d4 Nf6 2. c4 c5 3. dxc5 Na6 4. Nf3 Nxc5 5. e3 d6 6. Be2 g6 7. O-O Bg7 8. a3
O-O 9. Nc3 a5 10. Bd2 a4 11. Nd4 Qb6 12. Ra2 e5 13. Ndb5 Be6 14. Bc1 Rfd8 15.
Nd5 Nxd5 16. cxd5 Bf5 17. Nc3 Rdc8 18. Bb5 Nb3 19. Qe2 Nc5 20. e4 Bd7 21. Bxd7
Nxd7 22. Be3 Qb3 23. Raa1 f5 24. f3 Rc4 25. Nb1 Rc2 26. Nd2 Qxb2 27. Rab1 Qxa3
28. Rxb7 Nc5 29. Nc4 Rxc4 30. Qxc4 Qxe3+ 31. Kh1 a3 32. Rb6 a2 33. Ra1 Qd4 34.
Qf1 fxe4 35. fxe4 Nxe4 36. h3 Qxb6 0-1